000 00278nam a2200121Ia 4500
008 231129s1968||||xx |||||||||||||| ||spa||
040 _bspa
082 _a235.2 V648
245 0 _aVida de los Santos de Butler
260 _c1968
264 _aMéxico : Clute
942 _2ddc
_cBKS
999 _c26265
_d26265